[Event "Heusenstamm Sparkassen op U14 7th"]
[Site "Heusenstamm"]
[Date "2021.11.21"]
[Round "5.23"]
[White "Galea, Luca"]
[Black "Ivanov, Emily"]
[Result "0-1"]
[WhiteElo "860"]
[BlackElo "725"]
[PlyCount "36"]
[EventDate "2021.11.19"]
[EventType "swiss"]
[EventRounds "7"]
[EventCountry "GER"]
[SourceTitle "EXT 2023"]
[Source "ChessBase"]
[SourceDate "2022.10.05"]
[SourceVersion "1"]
[SourceVersionDate "2022.10.05"]
[SourceQuality "1"]

1. e4 e6 2. Nf3 d5 3. e5 Bc5 4. Qe2 Ne7 5. Qb5+ Bd7 6. Qxc5 0-0 7. Bd3 b6 8. Qe3 Nbc6 9. Ng5 g6 10. Qh3 h5 11. 0-0 Nxe5 12. Ba6 Rb8 13. Re1 N7c6 14. Bb5 Qxg5 15. d3 Qf6 16. c3 Ng4 17. Bxc6 Qxf2+ 18. Kh1 Qxe1# 0-1

[Event "Heusenstamm Sparkassen op U14 7th"]
[Site "Heusenstamm"]
[Date "2021.11.20"]
[Round "3.25"]
[White "Ivanov, Emily"]
[Black "Scheerer, Amelie"]
[Result "0-1"]
[WhiteElo "725"]
[BlackElo "1134"]
[PlyCount "70"]
[EventDate "2021.11.19"]
[EventType "swiss"]
[EventRounds "7"]
[EventCountry "GER"]
[SourceTitle "EXT 2023"]
[Source "ChessBase"]
[SourceDate "2022.10.05"]
[SourceVersion "1"]
[SourceVersionDate "2022.10.05"]
[SourceQuality "1"]

1. e4 e5 2. Bc4 Nf6 3. Nc3 Bc5 4. Nf3 Nc6 5. d3 h6 6. 0-0 0-0 7. a3 d6 8. h3 Be6 9. b4 Bb6 10. a4 Nxb4 11. Rb1 Nc6 12. Bxe6 fxe6 13. Ba3 Nd4 14. Nxd4 Bxd4 15. Nb5 Bb6 16. c3 a6 17. Qb3 axb5 18. Qxe6+ Rf7 19. Ra1 bxa4 20. Rfd1 Qe7 21. Qc4 Nh5 22. d4 exd4 23. cxd4 Qxe4 24. Re1 Qxd4 25. Qxd4 Bxd4 26. Re2 Bxa1 27. g4 Nf4 28. Re3 Bd4 29. Rf3 Raf8 30. Kh2 Ne2 31. Bxd6 cxd6 32. g5 Rxf3 33. gxh6 Rxf2+ 34. Kh1 Rf1+ 35. Kh2 R8f2# 0-1